000 00413nam a2200157Ia 4500
003 Ost
005 20260225132538.0
008 260225s9999||||xx |||||||||||||| ||und||
040 _cfsic
041 _afre
082 _a327.73
100 _aRobert bosc
_eAuteur
245 0 _aGuerre froide et affrontements :
245 0 _banalyses et prospective internationnales de 1950à1980 /
_cRobert bosc
942 _cكتاب
999 _c33348
_d33348